00589nam a22001697a 4500999001900000005001700019010001300036020002600049037002200075245011500097260003900212270007900251300002800330700001800358700002600376942001700402 c181796d18179620211006115739.0 aEN230921 a9789353882310c525.00 bSage Publications aAncient and medieval Indian thought:bthemes and traditions /cedited by Ankit Tomar [and] Suratha Kumar Malik aNew DelhibSage Publicationsc2020 aB1/I-1, Mohan Cooperative Industrial Area, Mathura RoadbNew Delhie110044 axliii, 264p.c24cm(pbk) aTomar, Ankit  aMalik, Suratha Kumar  2ddccENmANC